| 000 | 00351nam a22001337a 4500 | ||
|---|---|---|---|
| 999 |
_c130473 _d130473 |
||
| 008 | 200519b ||||| |||| 00| 0 eng d | ||
| 050 | _aSPC. HS3. M3 | ||
| 100 |
_aJohn R. Stacer _949788 |
||
| 245 |
_aGabriel Marcel _cJohn R. Stacer |
||
| 300 |
_a12p. ; _c30cm. |
||
| 500 | _aClass notes | ||
| 600 |
_aMarcel, Gabriel _97329 |
||
| 942 |
_2lcc _cMONOGRAPH |
||